The general Ο στρατηγός

Ο Μάρτιν Καχίλ μεγάλωσε στο Χόλιφιλντ του Δουβλίνου, σε έναν τόπο όπου το έγκλημα ήταν η κύρια απασχόληση όλων. Σε όλη τη διάρκεια της ζωής του έβρισκε ικανοποίηση στο να εξαπατά και να κοροϊδεύει την αστυνομία, την εκκλησία, την πολιτεία. Ο άλλοτε βίαιος, άλλοτε γενναιόδωρος και με πολύ χιούμορ χαρ...

Πλήρης περιγραφή

Αποθηκεύτηκε σε:
Λεπτομέρειες βιβλιογραφικής εγγραφής
Άλλοι συγγραφείς: Boorman, John, 1933- (Σεναριογράφος, Διευθυντής), Gleeson, Brendan (Ηθοποιός), Dunbar, Adrian, 1958- (Ηθοποιός), Voight, Jon, 1938- (Ηθοποιός)
Μορφή: Διαφάνειες
Γλώσσα:English
Greek
Δημοσίευση: Αθήνα : Prooptiki [Εταιρεία διανομής], [1998]
Θέματα:
Ετικέτες: Προσθήκη ετικέτας
Δεν υπάρχουν, Καταχωρήστε ετικέτα πρώτοι!

MARC

LEADER 00000cgm a2200000 i 4500
001 1/1745
008 090925s1998 gr ||| | || ||eng||
035 |l 10105718 
040 |a GR-MyUa  |b gre  |e AACR2 
041 0 |a eng  |j gre 
082 7 |a 791.437   |2 (22) 
245 0 4 |a The general   |h [μαγνητοσκόπηση] =   |b Ο στρατηγός /   |c written, produced & directed by John Boorman. 
246 1 |i Παράλληλος τίτλος:   |a Ο στρατηγός  
260 |a Αθήνα :   |b Prooptiki [Εταιρεία διανομής],   |c [1998] 
300 |a 1 βιντεοδίσκος (120 λεπτ.) :   |b ομίλ., ασπρόμ. ;   |c 4 3/4 ίν. 
500 |a Κυκλοφόρησε πρώτη φορά ως κινηματογραφική ταινία το 1998. 
508 |a Διεύθυνση φωτογραφίας, Seamus Deasy ; σχεδιασμός παραγωγής, Derek Wallace ; μουσική, Richie Buckley ; μοντάζ, Ron Davis ; εκτέλεση παραγωγής, Kieran Corrigan. 
511 0 |a Brendan Gleeson, Adrian Dunbar, Sean McGinley, Maria Doyle Kennedy, Angeline Ball, Jon Voight. 
520 8 |a Ο Μάρτιν Καχίλ μεγάλωσε στο Χόλιφιλντ του Δουβλίνου, σε έναν τόπο όπου το έγκλημα ήταν η κύρια απασχόληση όλων. Σε όλη τη διάρκεια της ζωής του έβρισκε ικανοποίηση στο να εξαπατά και να κοροϊδεύει την αστυνομία, την εκκλησία, την πολιτεία. Ο άλλοτε βίαιος, άλλοτε γενναιόδωρος και με πολύ χιούμορ χαρακτήρας του, τον μετέτρεψε σε θρύλο. Ένα θρύλο που κέρδιζε συνεχώς έδαφος, χάρη σε μια σειρά από τολμηρές και προσεκτικά οργανωμένες ληστείες, κερδίζοντας επάξια τον τίτλο του στρατηγού. 
521 8 |a Ακατάλληλο κάτω των 17 ετών. 
546 |a Στα αγγλικά με υπότιτλους στα ελληνικά. 
586 8 |a Βραβείο σκηνοθεσίας, Φεστιβάλ Καννών, 1998 
650 0 |a Brigands and robbers  |v Drama. 
655 7 |a Feature films  |2 lcgft 
700 1 |a Boorman, John,   |d 1933-  |e aus  |e drt 
700 1 |a Gleeson, Brendan,  |e act 
700 1 |a Dunbar, Adrian,   |d 1958-  |e act 
700 1 |a Voight, Jon,   |d 1938-  |e act 
852 |a INST  |b SYROS  |c AV  |e 20090925  |h 791.437 BOO  |p 005500008196  |q 005500008196  |t DVD  |y 23 
901 |a BIBL5-2008-1 
922 |a 5ΕΛΗ  |b 200709  |c Βιβλιοθήκη Σύρου  |d Anaco 
970 |a Κοντού  |b Παρασκευή  |z 25/09/2009